|
|
|
|
| LEADER |
00000nab a2200000 a 4500 |
| 001 |
vtls011102400 |
| 003 |
SK-MaSNL |
| 005 |
20260303150049.0 |
| 008 |
230222|1980 xo |||||||||||||||||slo| |
| 015 |
|
|
|a SNBRB
|
| 035 |
|
|
|a (uuid)e3dd955f-b407-4ec4-b054-b347f032a762
|
| 035 |
|
|
|a (urnnbn)urn:nbn:sk:snk:ar-007bt5
|
| 035 |
|
|
|a urn:nbn:sk:snk-ab98mj
|
| 040 |
|
|
|a SNKBUCL
|b slo
|c SNKBUCL
|e AACR2
|
| 041 |
0 |
|
|a slo
|
| 044 |
|
|
|a xo
|c SK
|
| 100 |
1 |
|
|a Vatrál, Jozef
|4 aut
|9 6538
|
| 245 |
1 |
0 |
|a Periodická tlač na Slovensku po roku 1945
|c Jozef Vatrál
|
| 773 |
0 |
|
|t Studia Academica Slovaca : prednášky ... letnej školy slovenského jazyka a kultúry
|g Roč. 9, č. 9 (1980), s. [367]-380
|
| 954 |
|
|
|a odborná, vedecká literatúra pôvodná (slovenská)
|2 lita
|
| 958 |
|
|
|a OND
|
| 958 |
|
|
|a EUIPO
|
| 958 |
|
|
|a article13
|
| 999 |
|
|
|c 2007407
|d 2009337
|